Central Library OPAC University of Rajshahi

Human resources development : (Record no. 6805)

MARC details
000 -LEADER
fixed length control field 00894cam a22002778a 4500
001 - CONTROL NUMBER
control field 6805
003 - CONTROL NUMBER IDENTIFIER
rucl marc code BDjRUL
005 - DATE AND TIME OF LATEST TRANSACTION
control field 20211208234322.0
008 - FIXED-LENGTH DATA ELEMENTS--GENERAL INFORMATION
fixed length control field 140112r20051996ii 001 0 eng d
020 ## - INTERNATIONAL STANDARD BOOK NUMBER
International Standard Book Number 8170365058 (India-HB)
International Standard Book Number 8170365066 (India-PB)
035 ## - SYSTEM CONTROL NUMBER
System control number (BD-RjUL)6847
040 ## - CATALOGING SOURCE
Original cataloging agency DLC
Transcribing agency DLC
Modifying agency IAY
-- BOS
Language of cataloging eng
041 ## - LANGUAGE CODE
Language code of text/sound track or separate title eng
082 ## - DEWEY DECIMAL CLASSIFICATION NUMBER
Edition number 23
Classification number 361.25
Author mark and year RAH 2005
100 1# - MAIN ENTRY--PERSONAL NAME
Personal name Rao, T. V.
9 (RLIN) 233025
245 10 - TITLE STATEMENT
Title Human resources development :
Remainder of title experiences, interventions, strategies /
Statement of responsibility, etc. T. V. Rao.
260 ## - PUBLICATION, DISTRIBUTION, ETC. (IMPRINT)
Place of publication, distribution, etc. New Delhi ;
Name of publisher, distributor, etc. Sage Publications,
Date of publication, distribution, etc. c1996. [Printing 1997, 2005]
300 ## - PHYSICAL DESCRIPTION
Pagination 394 p. ;
Size 25 cm.
504 ## - BIBLIOGRAPHY, ETC. NOTE
Bibliography, etc Includes bibliographical references (p. [373]-384) and index.
650 #0 - SUBJECT ADDED ENTRY--TOPICAL TERM
Topical term or geographic name as entry element Social planning.
9 (RLIN) 17901
Topical term or geographic name as entry element Human services
General subdivision Planning.
9 (RLIN) 21388
Topical term or geographic name as entry element Human capital
General subdivision Planning.
9 (RLIN) 21389
942 ## - ADDED ENTRY ELEMENTS (KOHA)
Source of classification or shelving scheme Dewey Decimal Classification
Koha item type Books
Holdings
Lost status Source of classification or shelving scheme Damaged status Not for loan Collection code Permanent Location Current Location Date acquired Source of acquisition Cost, normal purchase price Total Checkouts Full call number Date last seen Copy number Koha item type Shelving location
  Dewey Decimal Classification     Non-fiction Central Library, University of Rajshahi Central Library, University of Rajshahi 07/03/2006 Dhaka, paragon Enterprises LTD 420.00   361.25 VEH 2005 12/01/2014 C-7 Books  
  Dewey Decimal Classification     Non-fiction Central Library, University of Rajshahi Central Library, University of Rajshahi 23/03/2000 Lucky Syndicate 325.00   361.25 RAH 1996 21/08/2016 C-2 Books  
  Dewey Decimal Classification     Non-fiction Central Library, University of Rajshahi Central Library, University of Rajshahi 23/03/2000 Dhaka, Lucky Syndicate 325.00   361.25 RAH 1996 21/08/2016 C-3 Books  
  Dewey Decimal Classification     Non-fiction Central Library, University of Rajshahi Central Library, University of Rajshahi 23/03/2000 Dhaka, Lucky Syndicate 325.00   361.25 RAH 1997 21/08/2016 C-4 Books  
  Dewey Decimal Classification     Non-fiction Central Library, University of Rajshahi Central Library, University of Rajshahi 22/12/1999 Dhaka, paragon Enterprises LTD 332.60   361.25 RAH 1997 21/08/2016 C-5 Books  
  Dewey Decimal Classification   Not For Loan Non-fiction Central Library, University of Rajshahi Central Library, University of Rajshahi 07/03/2006 Dhaka, Paragon Enterprises 420.00   361.25 RAH 2005 18/09/2019 C-1 Books Reading Room
  Dewey Decimal Classification     Non-fiction Central Library, University of Rajshahi Central Library, University of Rajshahi 07/03/2006 Dhaka, Paragon Enterprises 420.00   361.25 RAH 2005 18/09/2019 C-6 Books  
  Dewey Decimal Classification     Non-fiction Central Library, University of Rajshahi Central Library, University of Rajshahi 22/12/1999 Dhaka, Paragon Enterprises 332.60   361.25 RAH 1997 19/09/2019 C-8 Books  
  Dewey Decimal Classification     Non-fiction Central Library, University of Rajshahi Central Library, University of Rajshahi 23/03/2000 Dhaka, Lucky Syndicate 325.00   361.25 RAH 1996 19/09/2019 C-9 Books